Nghiên cứu tách ion Pb2+ trong dung dịch nước bằng vật liệu hấp thụ xenlulozo chiết tách từ vỏ quả Sầu riêng

Sparad:
Bibliografiska uppgifter
Huvudupphovsman: Lê Hà Thị Ngọc Thanh
Övriga upphovsmän: Lê Tự Hải PGS. (hướng dẫn)
Materialtyp: Bok
Språk:Vietnamese
Publicerad: Đà Nẵng Trường Đại học Sư phạm 2012
Ämnen:
Taggar: Lägg till en tagg
Inga taggar, Lägg till första taggen!
Thư viện lưu trữ: Mạng thư viện Đại học Đà Nẵng
LEADER 01497nam a2200337 4500
001 000017506
003 13924
005 20130423090421.0
008 130423s2012 viesd
041 |a vie 
082 1 4 |a 664.8022  |b LÊ-T 
100 1 |a Lê Hà Thị Ngọc Thanh 
245 1 0 |a Nghiên cứu tách ion Pb2+ trong dung dịch nước bằng vật liệu hấp thụ xenlulozo chiết tách từ vỏ quả Sầu riêng  |c Lê Hà Thị Ngọc Thanh ; Hướng dẫn Lê Tự Hải  |k Báo cáo khoa học 
260 |a Đà Nẵng  |b Trường Đại học Sư phạm  |c 2012 
300 |a 27 tr.  |b ảnh m.họa  |c 30 cm. 
500 |a Công trình tham gia hội nghị sinh viên nghiên cứu khoa học Trường Đại học Sư phạm năm 2012. Khoa Hóa học 
650 0 4 |a Vỏ quả Sầu riêng  |v Báo cáo khoa học  |x chiết tách Tanin  |z Đà Nẵng 
653 |a Nghiên cứu khoa học 
653 |a Nghiên cứu 
700 1 |a Lê Tự Hải  |c PGS.  |e hướng dẫn 
OWN |a LSP 
AVA |a UDN50  |b LSP  |d 664.8022 LÊ-T  |e available  |t Error 5001 Not defined in file expand_doc_bib_avail.  |f 1  |g 0  |h N  |i 0  |k 1 
999 |a From the UDN01 
AVA |a UDN50  |b LSP  |d 664.8022 LÊ-T  |e available  |t Error 5001 Not defined in file expand_doc_bib_avail.  |f 1  |g 0  |h N  |i 0  |k 1 
TYP |a Mixed Materials 
TYP |a Monograph 
TYP |a Printed language 
980 |a Mạng thư viện Đại học Đà Nẵng